000 01581cam a2200277Ii 4500
001 1136855275
003 AUA
005 20260208125520.0
008 200117s2019 mduag j 000 0 eng d
020 _a9780828028585
020 _a0828028583
035 _a(OCoLC)1136855275
040 _aEXN
_beng
_cEXN
_dEXN
049 _aEXNh
090 _aBV1475.3
_b.M48 2019
100 1 _aMfune, Saustin Sampson,
_eauthor.
245 1 0 _aSteps to Christ activity book /
_cby Saustin Sampson Mfune.
300 _a136 pages :
_bcolor illustrations, music ;
_c27 cm.
520 _aThe Steps to Christ Activity Book is based on the book Steps to Christ by Ellen G. White. Each chapter includes a summary of the original chapter's content and several activities to help the young reader grasp the main ideas. Although it has been prepared with the elementary age group in mind, all ages will enjoy navigating through the activities of this book. This interactive approach gives a new way of enjoying a book which has been translated into more than 165 languages, with several million copies in print. It is suitable for family worship, schools, Sabbath activities, Children and Youth Camps, and other settings. -- back cover.
600 1 0 _aWhite, Ellen G.,
_d1827-1915.
_tSteps to Christ.
650 0 _aChristian education of children
_xActivity programs.
650 0 _aReligious education of children
_xActivity programs.
650 0 _aChildren
_xReligious life.
650 0 _aChristian life
_xSeventh-day Adventist authors.
942 _2lcc
_cEGWEBO
_hBV1474.3
_i.M48 2024
999 _c25237
_d25237